| 000 -LEADER |
| fixed length control field |
00982cam a2200265 a 4500 |
| 001 - CONTROL NUMBER |
| control field |
15969402 |
| 005 - DATE AND TIME OF LATEST TRANSACTION |
| control field |
20180814082552.0 |
| 008 - FIXED-LENGTH DATA ELEMENTS--GENERAL INFORMATION |
| fixed length control field |
091102r20112000nyu 001 0 eng |
| 010 ## - LIBRARY OF CONGRESS CONTROL NUMBER |
| LC control number |
2009046167 |
| 020 ## - INTERNATIONAL STANDARD BOOK NUMBER |
| International Standard Book Number |
9780073375168 (student edition : alk. paper) |
| 020 ## - INTERNATIONAL STANDARD BOOK NUMBER |
| International Standard Book Number |
0073375160 (student edition : alk. paper) |
| 020 ## - INTERNATIONAL STANDARD BOOK NUMBER |
| International Standard Book Number |
9780077301248 (annotated instructor's edition : alk. paper) |
| 020 ## - INTERNATIONAL STANDARD BOOK NUMBER |
| International Standard Book Number |
0077301242 (annotated instructor's edition : alk. paper) |
| 040 ## - CATALOGING SOURCE |
| Original cataloging agency |
DLC |
| Transcribing agency |
DLC |
| Modifying agency |
DLC |
| 041 ## - LANGUAGE CODE |
| Language code of text/sound track or separate title |
eng |
| 080 ## - UNIVERSAL DECIMAL CLASSIFICATION NUMBER |
| Universal Decimal Classification number |
378.198 FEL |
| 082 00 - DEWEY DECIMAL CLASSIFICATION NUMBER |
| Classification number |
378.198 FEL |
| Edition number |
22 |
| 100 1# - Rafti |
| Rafti |
25 |
| 101 ## - Shkurtesa |
| Shkurtesa |
EDU |
| 245 10 - TITLE STATEMENT |
| Title |
P.O.W.E.R. learning : |
| Statement of responsibility, etc |
Robert S. Feldman. |
| 246 3# - VARYING FORM OF TITLE |
| Title proper/short title |
POWER learning |
| 906 ## - LOCAL DATA ELEMENT F, LDF (RLIN) |
| a |
7 |
| b |
cbc |
| c |
orignew |
| d |
1 |
| e |
ecip |
| f |
20 |
| g |
y-gencatlg |
| 942 ## - ADDED ENTRY ELEMENTS (KOHA) |
| Source of classification or shelving scheme |
|
| Item type |
Books |